000 00744cam a2200181 i 4500
005 20260422100919.0
008 250721s2008 ua gr 000 0 ara d
082 1 4 _a415.1
_bع ب د
100 1 _aعبد الصاحب، معصومة
_eمؤلف.
245 1 0 _aالجمل الفرعية في اللغة العربية بين تحليل سيبوية ونظرية تشومسكي التوليدية التحويلية /
_cالدكتورة معصومة عبد المطلب.
264 3 1 _aالقاهرة :
_bدار غريب للطباعة،
_c2008.
300 _a252صفحة.
650 1 7 _aاللغة العربية .
650 1 7 _aقواعد اللغة.
650 1 7 _aالاعراب.
942 _2ddc
_cBK
999 _c120118
_d120118